000 00569nam a22001577a 4500
020 _a9781612195216
040 _c0
082 _a302.231,BAR
100 _aBartlett, Jamie
_9114297
245 _aThe Dark Net /
_cJamie Bartlett
260 _aMelville House
_bLondon
_c2014
300 _axii, 306 p
505 _aUnmasking the Trolls (Page-14), The Lone Wolf (Page-48), Into Galt's Gulch (Page-73), Three Clicks (Page-110), On the Road (Page-135), Lights, WebCamera Action (Page-166), The Werther Effect (Page-193).
650 _aDark Net
_9114298
942 _2ddc
_cBK
999 _c595664
_d595664